Every City in China - Statistics

General Stats
  • This quiz has been taken 26 times
    11 since last reset
  • The average score is 53 of 299
Answer Stats
Region City % Correct
Beijing Beijing
100%
Chongqing Chongqing
100%
Fujian | Jiangxi Fuzhou
100%
Guangdong Guangzhou
100%
Gansu Lanzhou
100%
Guangdong Shenzhen
100%
Fujian Xiamen
100%
Guangdong Dongguan
75%
Guangdong Foshan
75%
Guizhou Guiyang
75%
Hainan Haikou
75%
Anhui Hefei
75%
Anhui Huaibei
75%
Anhui Huainan
75%
Anhui | Jiangsu Suzhou
75%
Guangdong Zhuhai
75%
Anhui Anqing
50%
Anhui Bengbu
50%
Anhui Bozhou
50%
Hunan Changsha
50%
Hebei | Sichuan Chengdu
50%
Anhui Chizhou
50%
Anhui Chuzhou
50%
Liaoning Dalian
50%
Gansu Dingxi
50%
Anhui Fuyang
50%
Heilongjiang Harbin
50%
Hong Kong Hong Kong
50%
Anhui Huangshan
50%
Guangdong Huizhou
50%
Gansu Jiayuguan
50%
Gansu Jinchang
50%
Gansu Jiuquan
50%
Yunnan Kunming
50%
Tibet Lhasa
50%
Anhui Lu'an
50%
Anhui Ma'anshan
50%
Macau Macau
50%
Guangxi Nanning
50%
Zhejiang Ningbo
50%
Gansu Pingliang
50%
Shandong Qingdao
50%
Heilongjiang Qiqihar
50%
Fujian Quanzhou
50%
Hainan Sanya
50%
Shanghai Shanghai
50%
Guangdong Shantou
50%
Liaoning Shenyang
50%
Hebei Shijiazhuang
50%
Tianjin Tianjin
50%
Gansu Tianshui
50%
Anhui Tongling
50%
Xinjiang Urumqi
50%
Hubei Wuhan
50%
Anhui Wuhu
50%
Gansu Wuwei
50%
Guangxi Wuzhou
50%
Shaanxi Xi'an
50%
Anhui Xuancheng
50%
Gansu Zhangye
50%
Fujian Zhangzhou
50%
Liaoning Anshan
25%
Guizhou Anshun
25%
Henan Anyang
25%
Gansu Baiyin
25%
Hebei Baoding
25%
Inner Mongolia Baotou
25%
Guangxi Beihai
25%
Jilin Changchun
25%
Guangdong Chaozhou
25%
Hainan Danzhou
25%
Guangxi Fangchenggang
25%
Guangxi Guigang
25%
Guangxi Guilin
25%
Zhejiang Hangzhou
25%
Guangdong Heyuan
25%
Inner Mongolia Hohhot
25%
Jiangxi Ji'an
25%
Guangdong Jiangmen
25%
Guangdong Jieyang
25%
Jilin Jilin
25%
Shandong Jinan
25%
Guangxi Laibin
25%
Yunnan Lijiang
25%
Shandong Linyi
25%
Guizhou Liupanshui
25%
Guangxi Liuzhou
25%
Gansu Longnan
25%
Fujian Longyan
25%
Sichuan Luzhou
25%
Heilongjiang Mudanjiang
25%
Jiangsu Nanjing
25%
Fujian Nanping
25%
Fujian Ningde
25%
Gansu Qingyang
25%
Guangdong Qingyuan
25%
Guangxi Qinzhou
25%
Fujian Sanming
25%
Guangdong Shanwei
25%
Shandong Tai'an
25%
Shanxi Taiyuan
25%
Jiangsu | Zhejiang Taizhou
25%
Hebei Tangshan
25%
Guizhou Tongren
25%
Jiangsu Wuxi
25%
Hubei Xiangyang
25%
Jiangsu Xuzhou
25%
Sichuan Ya'an
25%
Jiangsu Yangzhou
25%
Hunan Yueyang
25%
Guangxi | Shaanxi Yulin
25%
Guangdong Yunfu
25%
Guangdong Zhanjiang
25%
Guangdong Zhaoqing
25%
Henan Zhengzhou
25%
Guangdong Zhongshan
25%
Shandong Zibo
25%
Guizhou Zunyi
25%
Shaanxi Ankang
0%
Jilin Baicheng
0%
Guangxi Baise
0%
Jilin Baishan
0%
Shaanxi Baoji
0%
Yunnan Baoshan
0%
Inner Mongolia Bayannur
0%
Sichuan Bazhong
0%
Liaoning Benxi
0%
Guizhou Bijie
0%
Shandong Binzhou
0%
Hebei Cangzhou
0%
Tibet Chamdo
0%
Hunan Changde
0%
Shanxi Changzhi
0%
Jiangsu Changzhou
0%
Liaoning Chaoyang
0%
Hunan Chenzhou
0%
Inner Mongolia Chifeng
0%
Guangxi Chongzuo
0%
Liaoning Dandong
0%
Heilongjiang Daqing
0%
Shanxi Datong
0%
Sichuan Dazhou
0%
Sichuan Deyang
0%
Shandong Dezhou
0%
Shandong Dongying
0%
Hubei Ezhou
0%
Liaoning Fushun
0%
Liaoning Fuxin
0%
Jiangxi Ganzhou
0%
Sichuan Guang'an
0%
Sichuan Guangyuan
0%
Ningxia Guyuan
0%
Qinghai Haidong
0%
Xinjiang Hami
0%
Hebei Handan
0%
Shaanxi Hanzhong
0%
Henan Hebi
0%
Guangxi Hechi
0%
Heilongjiang Hegang
0%
Heilongjiang Heihe
0%
Hebei Hengshui
0%
Hunan Hengyang
0%
Shandong Heze
0%
Guangxi Hezhou
0%
Jiangsu Huai'an
0%
Hunan Huaihua
0%
Hubei Huanggang
0%
Hubei Huangshi
0%
Liaoning Huludao
0%
Inner Mongolia Hulunbuir
0%
Zhejiang Huzhou
0%
Heilongjiang Jiamusi
0%
Henan Jiaozuo
0%
Zhejiang Jiaxing
0%
Shanxi Jincheng
0%
Jiangxi Jingdezhen
0%
Hubei Jingmen
0%
Hubei Jingzhou
0%
Zhejiang Jinhua
0%
Shandong Jining
0%
Shanxi Jinzhong
0%
Liaoning Jinzhou
0%
Jiangxi Jiujiang
0%
Heilongjiang Jixi
0%
Henan Kaifeng
0%
Xinjiang Karamay
0%
Hebei Langfang
0%
Sichuan Leshan
0%
Jiangsu Lianyungang
0%
Shandong Liaocheng
0%
Liaoning Liaoyang
0%
Jilin Liaoyuan
0%
Yunnan Lincang
0%
Shanxi Linfen
0%
Zhejiang Lishui
0%
Hunan Loudi
0%
Henan Luohe
0%
Henan Luoyang
0%
Shanxi Lvliang
0%
Guangdong Maoming
0%
Sichuan Meishan
0%
Guangdong Meizhou
0%
Sichuan Mianyang
0%
Tibet Nagqu
0%
Jiangxi Nanchang
0%
Sichuan Nanchong
0%
Jiangsu Nantong
0%
Henan Nanyang
0%
Sichuan Neijiang
0%
Tibet Nyingchi
0%
Inner Mongolia Ordos
0%
Liaoning Panjin
0%
Sichuan Panzhihua
0%
Henan Pingdingshan
0%
Jiangxi Pingxiang
0%
Yunnan Pu'er
0%
Fujian Putian
0%
Henan Puyang
0%
Hebei Qinhuangdao
0%
Heilongjiang Qitaihe
0%
Yunnan Qujing
0%
Zhejiang Quzhou
0%
Shandong Rizhao
0%
Henan Sanmenxia
0%
Hainan Sansha
0%
Shaanxi Shangluo
0%
Henan Shangqiu
0%
Jiangxi Shangrao
0%
Tibet Shannan
0%
Guangdong Shaoguan
0%
Zhejiang Shaoxing
0%
Hunan Shaoyang
0%
Tibet Shigatse
0%
Hubei Shiyan
0%
Ningxia Shizuishan
0%
Heilongjiang Shuangyashan
0%
Shanxi Shuozhou
0%
Jilin Siping
0%
Jilin Songyuan
0%
Heilongjiang Suihua
0%
Sichuan Suining
0%
Hubei Suizhou
0%
Jiangsu Suqian
0%
Liaoning Tieling
0%
Shaanxi Tongchuan
0%
Jilin Tonghua
0%
Inner Mongolia Tongliao
0%
Xinjiang Turpan
0%
Inner Mongolia Ulanqab
0%
Shandong Weifang
0%
Shandong Weihai
0%
Shaanxi Weinan
0%
Zhejiang Wenzhou
0%
Inner Mongolia Wuhai
0%
Ningxia Wuzhong
0%
Hunan Xiangtan
0%
Hubei Xianning
0%
Shaanxi Xianyang
0%
Hubei Xiaogan
0%
Hebei Xingtai
0%
Qinghai Xining
0%
Henan Xinxiang
0%
Henan Xinyang
0%
Jiangxi Xinyu
0%
Shanxi Xinzhou
0%
Henan Xuchang
0%
Shaanxi Yan'an
0%
Jiangsu Yancheng
0%
Guangdong Yangjiang
0%
Shanxi Yangquan
0%
Shandong Yantai
0%
Sichuan Yibin
0%
Hubei Yichang
0%
Heilongjiang | Jiangxi Yichun
0%
Ningxia Yinchuan
0%
Liaoning Yingkou
0%
Jiangxi Yingtan
0%
Hunan Yiyang
0%
Hunan Yongzhou
0%
Shanxi Yuncheng
0%
Yunnan Yuxi
0%
Shandong Zaozhuang
0%
Hunan Zhangjiajie
0%
Hebei Zhangjiakou
0%
Yunnan Zhaotong
0%
Jiangsu Zhenjiang
0%
Ningxia Zhongwei
0%
Henan Zhoukou
0%
Zhejiang Zhoushan
0%
Henan Zhumadian
0%
Hunan Zhuzhou
0%
Sichuan Zigong
0%
Sichuan Ziyang
0%
No matching quizzes found
Score Distribution
Percent of People with Each Score
Percentile by Number Answered
Your Score History
You have not taken this quiz since the last reset